00690cam a22002171 4500001001300000003000400013005001700017008004100034010001700075035001900092040004100111042001200152050001500164110004000179245001400219260002300233300002100256490008600277650003200363810007700395pa 56000125 DLC20260227111853.0771018s1956 xx 000 0 spa c apa 56000125  a(OCoLC)3351713 aPan American Union. LibrarycOCdDLC apremarc00aML21b.P242 aPan American Union.bMusic Section.00aPanamá. aWashington,c1956. ax, 18 p.c28 cm.1 aIts Directorio musical de la América Latina. Musical directory of Latin America 0aMusiczPanamavDirectories.2 aPan American Union.bMusic Section.tMusical directory of Latin America.